Top 50 Baby Boy Names Beginning with Y - Statistics

General Stats
  • This quiz has been taken 196 times
  • The average score is 9 of 50
Answer Stats
Hint Answer % Correct
2 Yosef
69%
4 Yousef
69%
21 Yousif
69%
17 Youssef
69%
20 Yousuf
69%
33 Yusef
69%
1 Yusuf
69%
7 Yael
56%
29 Yuri
50%
28 Yohan
23%
50 Yannick
14%
42 Yasser
14%
6 Yahya
13%
38 Yanis
13%
36 Yash
13%
31 Yisrael
12%
13 Yoel
12%
49 Younes
12%
40 Younis
12%
23 Yunus
12%
11 Yaakov
11%
16 Yakov
11%
18 Yeshua
11%
45 Yug
11%
39 Yonatan
10%
19 Yair
9%
5 Yahir
8%
47 Yamir
8%
14 Yasin
8%
24 Yariel
7%
3 Yehuda
7%
9 Yadiel
6%
43 Yared
6%
41 Yadriel
5%
37 Yandel
4%
26 Yazan
3%
34 Yechiel
3%
27 Yehoshua
3%
48 Yeison
3%
8 Yisroel
3%
46 Yuvin
3%
12 Yaseen
2%
15 Yerik
2%
35 Yitzchak
2%
10 Yitzchok
2%
22 Yuvaan
2%
25 Yuvan
2%
30 Yuyrai
2%
32 Yasiel
1%
44 Yechezkel
1%
No matching quizzes found
Score Distribution
Percent of People with Each Score
Percentile by Number Answered
Your Score History
You have not taken this quiz